La Puericultura es a la vez ciencia y arte / (Record no. 132156)

MARC details
000 -LEADER
campo de control de longitud fija 00851nam a2200181 4500
001 - NÚMERO DE CONTROL
campo de control 132156
003 - IDENTIFICADOR DE NÚMERO DE CONTROL
campo de control ES-MaACL
005 - FECHA Y HORA DE LA ÚLTIMA TRANSACCIÓN
campo de control 20230906194121.0
007 - CAMPO FIJO DE DESCRIPCIÓN FÍSICA--INFORMACIÓN GENERAL
campo de control de longitud fija t|
008 - DATOS DE LONGITUD FIJA--INFORMACIÓN GENERAL
campo de control de longitud fija 070214s1939 sp r ||||1| spa d
100 1# - ENTRADA PRINCIPAL--NOMBRE DE PERSONA
Nombre de persona Rodríguez de Torner, Matutina.
9 (RLIN) 98476
245 13 - MENCIÓN DEL TÍTULO
Título La Puericultura es a la vez ciencia y arte /
Mención de responsabilidad, etc. por la Doctora Matutina Rodríguez de Torner.
260 ## - PUBLICACIÓN, DISTRIBUCIÓN, ETC.
Lugar de publicación, distribución, etc. Madrid :
Nombre del editor, distribuidor, etc. [s. n.],
Fecha de publicación, distribución, etc. 1939.
300 ## - DESCRIPCIÓN FÍSICA
Extensión 12 p. ;
Dimensiones 23 cm.
500 ## - NOTA GENERAL
Nota general Precede al tít.: Ministerio de la Gobernación, Dirección General de Sanidad, Sección de Puericultura, Maternología e Higiene Escolar ----- Publicaciones `Al servicio de España y del niño español`, nº 22 ----- Es separata de la revista `El Derecho sanitario español` de Valladolid.
710 1# - ENTRADA AGREGADA--NOMBRE DE ENTIDAD CORPORATIVA
Nombre de entidad corporativa o nombre de jurisdicción como elemento de entrada España.
Unidad subordinada Dirección General de Sanidad.
9 (RLIN) 3905
852 ## - LOCALIZACIÓN
Ubicación ES-MaACL
Número de control de estantería 1860-F-5
Sublocalización o colección R.23005
Holdings
Estatus retirado Estado de pérdida Estado de daño No para préstamo Colección Biblioteca de origen Biblioteca actual Ubicación en estantería Fecha de adquisición Fuente de adquisición Total de préstamos Signatura topográfica completa Código de barras Visto por última vez Precio de reemplazo Tipo de ítem Koha
        Colección de folletos Biblioteca del Ateneo de Madrid Biblioteca del Ateneo de Madrid Depósito folletos 17/01/2008     1860-F-5 1137588 23/02/2023 23/02/2023 Folleto